[Event "Moscow City Team-ch"]
[Site "Moscow"]
[Date "2021.09.15"]
[Round "5"]
[White "Shvedova, Alexandra"]
[Black "Gotsiuk, Denis"]
[Result "1-0"]
[WhiteElo "2049"]
[BlackElo "2005"]
[PlyCount "57"]
[EventDate "2021.09.11"]
[EventType "team-swiss"]
[EventRounds "7"]
[EventCountry "RUS"]
[SourceTitle "EXT 2022"]
[Source "ChessBase"]
[SourceDate "2021.10.06"]
[SourceVersion "1"]
[SourceVersionDate "2021.10.06"]
[SourceQuality "1"]

1. e4 d5 2. exd5 Qxd5 3. Nf3 Bg4 4. Be2 Nc6 5. d4 0-0-0 6. Be3 e5 7. c4 Qa5+ 8. Bd2 Bb4 9. d5 Bxf3 10. Bxf3 Bxd2+ 11. Nxd2 Nd4 12. 0-0 Ne7 13. Nb3 Nxb3 14. Qxb3 Ng6 15. Qc2 Rhf8 16. b4 Qa3 17. Bg4+ Kb8 18. Rab1 e4 19. Qxe4 Rde8 20. Qc2 Re5 21. Rb3 Qa4 22. f4 Re3 23. Bd7 Qxd7 24. Rxe3 a6 25. Qe4 Qa4 26. f5 Nh8 27. c5 a5 28. Qe7 Rg8 29. d6 1-0

[Event "Moscow op-A 17th"]
[Site "Moscow"]
[Date "2021.02.26"]
[Round "7"]
[White "Gotsiuk, Denis"]
[Black "Ibadov, Dashgyn"]
[Result "1/2-1/2"]
[WhiteElo "2102"]
[BlackElo "2282"]
[PlyCount "107"]
[EventDate "2021.02.20"]
[EventType "swiss"]
[EventRounds "9"]
[EventCountry "RUS"]
[SourceTitle "CBM 200 Extra"]
[Source "ChessBase"]
[SourceDate "2021.03.31"]
[SourceVersion "1"]
[SourceVersionDate "2021.03.31"]
[SourceQuality "1"]

1. d4 Nf6 2. Bf4 d5 3. e3 c5 4. c3 Nc6 5. Nd2 Bf5 6. Qb3 Qc8 7. Ngf3 e6 8. Nh4 Bg4 9. h3 Bh5 10. g4 Bg6 11. Nxg6 hxg6 12. Bg2 Be7 13. Nf3 Ne4 14. Ne5 Nxe5 15. Bxe5 0-0 16. h4 f6 17. Bf4 c4 18. Qc2 e5 19. f3 exf4 20. fxe4 Qxg4 21. Qe2 Qg3+ 22. Qf2 Qxe3+ 23. Qxe3 fxe3 24. Rh3 dxe4 25. Bxe4 f5 26. Bd5+ Kh7 27. Ke2 f4 28. Rg1 Kh6 29. Rh2 Rad8 30. Be4 Rd6 31. Rhg2 Rff6 32. h5 g5 33. Rxg5 f3+ 34. Bxf3 Rxf3 35. Rxg7 Rf2+ 36. Kxe3 Rf1 37. Rxf1 Re6+ 38. Kf4 Kxg7 39. Rg1+ Kf7 40. Rg2 Rh6 41. Kg4 Rf6 42. Rg3 Rf2 43. Rf3+ Rxf3 44. Kxf3 Bg5 45. Ke4 Ke6 46. b3 cxb3 47. axb3 Kd6 48. Kd3 b5 49. c4 b4 50. Ke4 a5 51. Kd3 Bh6 52. Ke4 Ke6 53. Kd3 Kd7 54. Ke4 1/2-1/2

[Event "Moscow op-A 17th"]
[Site "Moscow"]
[Date "2021.02.23"]
[Round "4"]
[White "Gotsiuk, Denis"]
[Black "Vlassov, Nikolai"]
[Result "0-1"]
[WhiteElo "2102"]
[BlackElo "2331"]
[PlyCount "100"]
[EventDate "2021.02.20"]
[EventType "swiss"]
[EventRounds "9"]
[EventCountry "RUS"]
[SourceTitle "CBM 200 Extra"]
[Source "ChessBase"]
[SourceDate "2021.03.31"]
[SourceVersion "1"]
[SourceVersionDate "2021.03.31"]
[SourceQuality "1"]

1. d4 Nf6 2. Bf4 g6 3. Nf3 Bg7 4. e3 0-0 5. Be2 c5 6. c3 Qb6 7. Qb3 d6 8. Qxb6 axb6 9. Nbd2 Nc6 10. h3 cxd4 11. exd4 e5 12. dxe5 dxe5 13. Bh2 e4 14. Ne5 e3 15. fxe3 Nd5 16. Nxc6 bxc6 17. 0-0 Nxe3 18. Rf3 Re8 19. Bd3 Bf5 20. Bxf5 Nxf5 21. Nc4 Bf8 22. Ne5 Re6 23. Nd7 Be7 24. Kh1 b5 25. g4 Nh4 26. Rf2 Re3 27. Raf1 Rxa2 28. Ne5 Rxh3 29. Nxf7 Bc5 30. Ng5 Bxf2 31. Nxh3 Be3 32. Re1 Bd2 33. Re6 Rxb2 34. Rxc6 Rb1+ 35. Bg1 Be3 36. Rf6 Kg7 37. g5 Bxg5 38. Rb6 Be3 39. Rb7+ Kf6 40. c4 b4 41. Kh2 Nf3+ 42. Kg3 Nxg1 43. Nxg1 Bxg1 44. Rxh7 b3 45. Rb7 b2 46. c5 Bxc5 47. Rb5 Bd4 48. Kf4 Re1 49. Rxb2 Bxb2 50. Kg4 g5 0-1

[Event "Moscow-ch U19"]
[Site "Moscow"]
[Date "2019.11.26"]
[Round "9"]
[White "Pavlov, Danila"]
[Black "Gotsiuk, Denis"]
[Result "1/2-1/2"]
[WhiteElo "2369"]
[BlackElo "1976"]
[PlyCount "34"]
[EventDate "2019.11.18"]
[EventType "swiss"]
[EventRounds "9"]
[EventCountry "RUS"]
[SourceTitle "CBM 193 Extra"]
[Source "ChessBase"]
[SourceDate "2020.01.31"]
[SourceVersion "1"]
[SourceVersionDate "2020.01.31"]
[SourceQuality "1"]

1. e4 Nf6 2. Nc3 d5 3. e5 d4 4. Nce2 d3 5. cxd3 Nd5 6. Nf3 Bg4 7. Nc3 Nc6 8. Qb3 Nb6 9. Be2 e6 10. 0-0 Be7 11. a4 a5 12. Re1 0-0 13. Nb5 Bf5 14. Bf1 Bg4 15. Be2 Bf5 16. Bf1 Bg4 17. Be2 Bf5 1/2-1/2